| 000 -LEADER |
| fixed length control field |
00578cam a2200181 i 4500 |
| 020 ## - INTERNATIONAL STANDARD BOOK NUMBER |
| ISBN |
9781464801884 (alk. paper) |
| 020 ## - INTERNATIONAL STANDARD BOOK NUMBER |
| ISBN |
9781464801891 |
| 040 ## - CATALOGING SOURCE |
| Transcribing agency |
DNAL |
| 082 00 - DEWEY DECIMAL CLASSIFICATION NUMBER |
| Classification number |
333 ICI 2007 C165 Or. |
| 245 00 - TITLE STATEMENT |
| Title |
Agricultural land redistribution and land administration in Sub-Saharan Africa : |
| Remainder of title |
case studies of recent reforms / |
| 300 ## - PHYSICAL DESCRIPTION |
| Number of Pages |
xiv, 134 pages : |
| Dimensions |
26 cm. |
| 490 1# - SERIES STATEMENT |
| Series statement |
Directions in development :agriculture and rural development |
| 650 #0 - SUBJECT ADDED ENTRY--TOPICAL TERM |
| Topical Term |
Land reform |
| 650 #0 - SUBJECT ADDED ENTRY--TOPICAL TERM |
| Topical Term |
Land tenure |
| 700 1# - ADDED ENTRY--PERSONAL NAME |
| Personal name |
Byamugisha, Frank, |
| 710 2# - ADDED ENTRY--CORPORATE NAME |
| Corporate name or jurisdiction name as entry element |
World Bank. |
| 942 ## - ADDED ENTRY ELEMENTS (KOHA) |
| Koha item type |
ADB |
| 952 ## - LOCATION AND ITEM INFORMATION (KOHA) |
| Withdrawn status [LOCAL, KOHA] |
0 |